000 00275nam a22001217a 4500
008 170714b xxu||||| |||| 00| 0 eng d
041 _aeng
080 _a101
100 _a24
101 _afil
245 _aTHE PHILOSOPHY OF NIETZSCHE
_cTHE MODERN LIBRARY
942 _2udc
_cBK
999 _c20877
_d20877